LIBRARY & INFORMATION CENTRE, KCAET, TAVANUR

ONLINE PUBLIC ACCESS CATALOGUE (OPAC)

Testing and evaluation of tractor drawn semi -automatc Rhizome planter (Record no. 17394)

MARC details
000 -LEADER
fixed length control field 00484nam a22001697a 4500
003 - CONTROL NUMBER IDENTIFIER
control field OSt
082 ## - DEWEY DECIMAL CLASSIFICATION NUMBER
Classification number 627.52
Item number SAR/TE
088 ## - REPORT NUMBER
Report number P 516
100 ## - MAIN ENTRY--AUTHOR NAME
Personal name Saranya A
100 ## - MAIN ENTRY--AUTHOR NAME
Personal name Susan Sunny
100 ## - MAIN ENTRY--AUTHOR NAME
Personal name Vishnupriya M
245 ## - TITLE STATEMENT
Title Testing and evaluation of tractor drawn semi -automatc Rhizome planter
260 ## - PUBLICATION, DISTRIBUTION, ETC. (IMPRINT)
Place of publication Tavanur
Name of publisher Department of farm machinery and power engineering
Year of publication 2021
300 ## - PHYSICAL DESCRIPTION
Number of Pages 39 P
700 ## - ADDED ENTRY--PERSONAL NAME
Personal name Sanchu Sukumaran (Guide)
942 ## - ADDED ENTRY ELEMENTS (KOHA)
Koha item type Project Report
Holdings
Collection code Home library Current library Shelving location Full call number Accession Number Koha item type
Reference KAUAET KAUAET Reference 621.042 SAR/TES P 516 Project Report
free website counter